[Event "European Club Cup"]
[Site "Porto Carras GRE"]
[Date "2018.10.18"]
[EventDate "?"]
[Round "7.3"]
[Result "1/2-1/2"]
[White "Pentala Harikrishna"]
[Black "Arkadij Naiditsch"]
[WhiteElo "2733"]
[BlackElo "2721"]
[PlyCount "105"]

1. e4 e5 2. Nf3 Nc6 3. Bb5 Nf6 4. d3 d6 5. O-O Be7 6. c3 O-O
7. Nbd2 Bd7 8. Ba4 Re8 9. Re1 Bf8 10. Nf1 h6 11. Ng3 Ne7
12. Bxd7 Qxd7 13. d4 Ng6 14. Be3 Ng4 15. Bd2 d5 16. h3 Nf6
17. dxe5 Nxe5 18. Nxe5 Rxe5 19. f4 Re6 20. e5 Ne4 21. Nxe4
dxe4 22. Be3 Qc6 23. Qe2 f5 24. Rad1 Ree8 25. g4 g6 26. Kh2
Rad8 27. gxf5 Rxd1 28. Rxd1 gxf5 29. Qg2+ Kh7 30. Qd2 Qg6
31. Qd5 c6 32. Qb3 b6 33. Rg1 Qe6 34. Qxe6 Rxe6 35. Rd1 c5
36. Rd7+ Re7 37. Rd8 Kg7 38. Bf2 Rc7 39. Bh4 c4 40. Kg2 Bc5
41. b4 cxb3 42. axb3 a5 43. c4 Rc6 44. Rd7+ Kg6 45. Bf2 Bb4
46. Rb7 a4 47. bxa4 Ba5 48. Rd7 Rxc4 49. Rd6+ Kg7 50. Rd7+ Kg6
51. Rd6+ Kg7 52. Rd7+ Kg6 53. Rd6+ 1/2-1/2

[Event "World Rapid Championship"]
[Site "St Petersburg RUS"]
[Date "2018.12.26"]
[EventDate "2018.12.26"]
[Round "1.10"]
[Result "1-0"]
[White "Pentala Harikrishna"]
[Black "Aram Hakobyan"]
[WhiteElo "2725"]
[BlackElo "2545"]
[PlyCount "116"]

1. e4 e5 2. Nf3 Nc6 3. Bc4 Bc5 4. c3 Nf6 5. d3 a6 6. O-O Ba7 7. a4 d6 8. Re1 Ng4
9. Re2 Qf6 10. Na3 O-O 11. Nc2 Be6 12. Bxe6 fxe6 13. h3 Nh6 14. Be3 Ne7 15. Bxa7
Rxa7 16. d4 Nf7 17. Ne3 Ng6 18. Ng4 Qd8 19. Re3 h5 20. Ngh2 Qf6 21. g3 h4 22.
Ng4 Qe7 23. dxe5 dxe5 24. Rd3 hxg3 25. fxg3 Raa8 26. Qe2 Rad8 27. Rxd8 Rxd8 28.
h4 Nf8 29. Kg2 Qd6 30. Rf1 Nh7 31. Rf2 Nf6 32. Nxf6+ gxf6 33. Nh2 Qd1 34. Qg4+
Kf8 35. Qxe6 Rd6 36. Qc8+ Kg7 37. Qg4+ Qxg4 38. Nxg4 Re6 39. Ne3 Nd6 40. Kf3 Re8
41. Rd2 Kf7 42. Nf5 Rd8 43. g4 Ke6 44. Nxd6 cxd6 45. a5 Rh8 46. h5 Rh7 47. c4
Rc7 48. b3 Rh7 49. Rd5 Rc7 50. Kg3 Rg7 51. Kh4 Rh7 52. b4 Rc7 53. c5 dxc5 54.
bxc5 Rc8 55. h6 Rg8 56. Rd6+ Kf7 57. Rd7+ Kg6 58. h7 1-0

[Event "World Rapid Championship"]
[Site "St Petersburg RUS"]
[Date "2018.12.26"]
[EventDate "2018.12.26"]
[Round "2.8"]
[Result "0-1"]
[White "Konstantin Sakaev"]
[Black "Pentala Harikrishna"]
[WhiteElo "2584"]
[BlackElo "2725"]
[PlyCount "90"]

1. d4 Nf6 2. c4 e6 3. Nf3 d5 4. Nc3 Bb4 5. e3 O-O 6. Bd2 b6 7. cxd5 exd5 8. Rc1
Bg4 9. Be2 c6 10. h3 Bxf3 11. Bxf3 a5 12. O-O Re8 13. a3 Bxc3 14. Rxc3 a4 15.
Rc2 Re6 16. Bb4 Nbd7 17. Qd3 Qb8 18. Rfc1 Qb7 19. Re1 h6 20. Bd1 b5 21. Rce2 Nb6
22. f3 Nc4 23. Bc3 Nd6 24. Bc2 Rae8 25. Bb4 Qc7 26. Bb1 g6 27. Bd2 Nc4 28. Bc1
Qg3 29. e4 dxe4 30. fxe4 Nxe4 31. Bxh6 Qh4 32. Bc1 Nc5 33. dxc5 Qxe1+ 34. Rxe1
Rxe1+ 35. Kh2 Rxc1 36. Qd7 Kf8 37. Ba2 Ne5 38. Qd6+ Kg7 39. b4 axb3 40. Bxb3 Rc3
41. Qd1 Rd3 42. Qc2 Red8 43. a4 bxa4 44. Bxa4 R8d4 45. Bb3 Nf3+ 0-1

[Event "World Rapid Championship"]
[Site "St Petersburg RUS"]
[Date "2018.12.26"]
[EventDate "2018.12.26"]
[Round "3.7"]
[Result "1/2-1/2"]
[White "Pentala Harikrishna"]
[Black "Alexei Shirov"]
[WhiteElo "2725"]
[BlackElo "2643"]
[PlyCount "184"]

1. e4 e5 2. Nf3 Nc6 3. Bc4 Bc5 4. c3 Nf6 5. d3 O-O 6. O-O d5 7. exd5 Nxd5 8. a4
a5 9. Re1 Nb6 10. Bb5 f6 11. Nbd2 Na7 12. d4 exd4 13. Ne4 Nxb5 14. Nxc5 Qd5 15.
axb5 Qxc5 16. Nxd4 Bd7 17. Be3 Qd5 18. Bf4 c5 19. bxc6 Bxc6 20. Qg4 Bd7 21. Qg3
a4 22. h4 Rfe8 23. Rad1 Rxe1+ 24. Rxe1 Re8 25. Rxe8+ Bxe8 26. Qe3 Bf7 27. Qe7
Nc4 28. Qb4 h6 29. Qxa4 Nxb2 30. Qc2 Nc4 31. Qe2 Ne5 32. Bxe5 Qxe5 33. Qxe5 fxe5
34. Nf3 e4 35. Ne5 Bd5 36. Kf1 Kf8 37. c4 Be6 38. Ke2 Ke7 39. Ke3 Kd6 40. Kxe4
Kc5 41. Kd3 b5 42. cxb5 Kxb5 43. Kd4 Kb6 44. Nd3 Kc6 45. Ke5 Bf7 46. f4 Kd7 47.
f5 Ke7 48. Nf4 Bb3 49. g3 Kf7 50. Ng2 Bd1 51. Ne3 Be2 52. Nd5 Bf3 53. Nf4 Bd1
54. Ne6 Be2 55. Nd8+ Ke7 56. Nc6+ Kf7 57. Kf4 Bd1 58. g4 Kf6 59. Ne5 Be2 60. Ng6
Bd1 61. g5+ hxg5+ 62. hxg5+ Kf7 63. Ke5 Bc2 64. Nf4 Bb1 65. Nd5 Bc2 66. Nc7 Bb1
67. Ne6 Kg8 68. Nd8 Kf8 69. Nb7 Kf7 70. Nd6+ Ke7 71. Nb5 Kf7 72. Nc3 Bc2 73. Nd5
Bb1 74. g6+ Kf8 75. Nf4 Bc2 76. Ne6+ Kg8 77. Nd4 Bb1 78. Kd6 Kf8 79. Ke6 Ba2+
80. Kd7 Bb1 81. Kd6 Bd3 82. Ne6+ Kg8 83. Ke5 Bb1 84. Nd4 Kf8 85. Nb5 Ke7 86. Nc3
Bc2 87. Nd5+ Kf8 88. Ne3 Bb1 89. Kd6 Ba2 90. Nc2 Bb1 91. Nd4 Bd3 92. Kd5 1/2-1/2

[Event "World Rapid Championship"]
[Site "St Petersburg RUS"]
[Date "2018.12.26"]
[EventDate "2018.12.26"]
[Round "4.7"]
[Result "1/2-1/2"]
[White "Dmitry Bocharov"]
[Black "Pentala Harikrishna"]
[WhiteElo "2533"]
[BlackElo "2725"]
[PlyCount "52"]

1. Nf3 d5 2. e3 Nf6 3. c4 e6 4. b3 b6 5. Bb2 Bd6 6. Nc3 a6 7. d4 O-O 8. Bd3 Bb7
9. O-O Nbd7 10. Qc2 Qe7 11. e4 dxe4 12. Nxe4 Nxe4 13. Bxe4 Bxe4 14. Qxe4 Nf6 15.
Qe2 Ba3 16. Bxa3 Qxa3 17. Rad1 Rad8 18. Rd3 Rd6 19. Rfd1 Rfd8 20. g3 h6 21. Kg2
Qa5 22. Ne5 Nd7 23. Ng4 Qf5 24. R3d2 Nf6 25. Nxf6+ Qxf6 26. Qf3 Qxf3+ 1/2-1/2

[Event "World Rapid Championship"]
[Site "St Petersburg RUS"]
[Date "2018.12.26"]
[EventDate "2018.12.26"]
[Round "5.10"]
[Result "1/2-1/2"]
[White "Pentala Harikrishna"]
[Black "Daniel Fridman"]
[WhiteElo "2725"]
[BlackElo "2633"]
[PlyCount "78"]

1. c4 e6 2. Nf3 d5 3. g3 Nf6 4. Bg2 d4 5. O-O c5 6. e3 Nc6 7. exd4 cxd4 8. d3
Bd6 9. Na3 O-O 10. Re1 e5 11. c5 Bc7 12. Nc4 Nd7 13. Bd2 Nxc5 14. Ncxe5 Nxe5 15.
Nxe5 Bxe5 16. Rxe5 Nxd3 17. Bg5 Qc7 18. Rd5 Nb4 19. Rxd4 Nc6 20. Rd6 Be6 21. b3
h6 22. Bf4 Rfd8 23. Rxd8+ Qxd8 24. Be3 Qa5 25. Qe1 Qxe1+ 26. Rxe1 Rd8 27. Bxc6
bxc6 28. f3 a5 29. Rc1 a4 30. bxa4 Ra8 31. a3 Rxa4 32. Bc5 f6 33. Kf2 Kf7 34.
Bb4 Bd5 35. Re1 Be6 36. f4 Ra8 37. Rc1 Bd5 38. Re1 Be6 39. Rc1 Bd5 1/2-1/2

[Event "World Rapid Championship"]
[Site "St Petersburg RUS"]
[Date "2018.12.27"]
[EventDate "2018.12.26"]
[Round "6.14"]
[Result "1-0"]
[White "Artyom Timofeev"]
[Black "Pentala Harikrishna"]
[WhiteElo "2589"]
[BlackElo "2725"]
[PlyCount "129"]

1. c4 e5 2. e3 Nf6 3. Nc3 Nc6 4. d3 g6 5. Nf3 Bg7 6. Be2 O-O
7. O-O d6 8. Rb1 a5 9. a3 Re8 10. b4 axb4 11. axb4 e4 12. Nxe4
Nxe4 13. dxe4 Rxe4 14. Bb2 Bxb2 15. Rxb2 Qf6 16. Rd2 b6
17. Qc1 Bb7 18. Qb2 Ne5 19. Nxe5 Rxe5 20. f4 Re6 21. Qxf6 Rxf6
22. Kf2 Re6 23. c5 bxc5 24. bxc5 dxc5 25. Rc1 Rd6 26. Rb2 Rb6
27. Rd2 Ra5 28. Bf3 Bxf3 29. Kxf3 Rd6 30. Rdc2 Rd5 31. Rb2 Ra3
32. Rbc2 Rdd3 33. Re1 Rac3 34. Rxc3 Rxc3 35. Rd1 c4 36. Rd7
Rc1 37. Rxc7 c3 38. g4 f5 39. gxf5 c2 40. Ke4 gxf5+ 41. Kxf5
Re1 42. Rxc2 Rxe3 43. Kf6 Re8 44. Rg2+ Kf8 45. Rg7 Re4 46. f5
Rh4 47. Rf7+ Kg8 48. Ra7 h6 49. Ra8+ Kh7 50. Ra7+ Kg8 51. Kg6
Rg4+ 52. Kxh6 Kf8 53. Kh5 Rg2 54. h4 Rg1 55. Kh6 Rg4 56. h5
Kg8 57. f6 Kf8 58. Kh7 Rg1 59. h6 Rf1 60. Kg6 Rg1+ 61. Kf5
Rf1+ 62. Ke6 Re1+ 63. Kd5 Rd1+ 64. Ke4 Re1+ 65. Kd3 1-0

[Event "World Rapid Championship"]
[Site "St Petersburg RUS"]
[Date "2018.12.27"]
[EventDate "2018.12.26"]
[Round "7.31"]
[Result "1-0"]
[White "Pentala Harikrishna"]
[Black "Alexey Sarana"]
[WhiteElo "2725"]
[BlackElo "2618"]
[PlyCount "87"]

1. e4 c5 2. Nf3 d6 3. d4 cxd4 4. Qxd4 Nc6 5. Qe3 Nf6 6. Be2 g6
7. O-O Bg7 8. Rd1 O-O 9. h3 Be6 10. Nc3 Nd7 11. Nd5 Nc5 12. c3
Rc8 13. b3 Ne5 14. Nd4 Bd7 15. c4 e6 16. Nc3 a6 17. Bb2 Qe7
18. Rd2 Rfd8 19. Rad1 Be8 20. f4 Nc6 21. Nxc6 Bxc6 22. Bf3 b6
23. Ne2 e5 24. f5 Bf6 25. Nc3 Bg5 26. Qe2 Bxd2 27. Rxd2 Qg5
28. Rd1 Qg3 29. Rf1 b5 30. b4 Nd7 31. fxg6 hxg6 32. Bg4 bxc4
33. Qxc4 Rf8 34. Qxa6 f5 35. Be2 Qe3+ 36. Kh2 Nb8 37. Qc4+ Kg7
38. Qe6 fxe4 39. Qe7+ Kg8 40. Bc4+ d5 41. Nxd5 Qh6 42. Rxf8+
Qxf8 43. Nf6+ Kh8 44. Qh7# 1-0

[Event "World Rapid Championship"]
[Site "St Petersburg RUS"]
[Date "2018.12.27"]
[EventDate "2018.12.26"]
[Round "8.18"]
[Result "1/2-1/2"]
[White "Mikhael Mchedlishvili"]
[Black "Pentala Harikrishna"]
[WhiteElo "2610"]
[BlackElo "2725"]
[PlyCount "109"]

1. d4 Nf6 2. Bg5 d5 3. e3 c5 4. Bxf6 gxf6 5. dxc5 e6 6. c4
dxc4 7. Nd2 c3 8. bxc3 Bxc5 9. Ngf3 O-O 10. Be2 Be7 11. O-O
Nd7 12. Nd4 Nc5 13. Bf3 Bd7 14. N2b3 Rc8 15. Nxc5 Rxc5
16. Bxb7 Rxc3 17. Rc1 Rxc1 18. Qxc1 Qb6 19. Bf3 Rc8 20. Qd2
Be8 21. Rc1 Qa5 22. Rd1 Qxd2 23. Rxd2 Ba4 24. Nb3 f5 25. g3
Kf8 26. Kg2 Rc3 27. Bd1 e5 28. Bf3 f4 29. exf4 exf4 30. Bd5
fxg3 31. hxg3 Bf6 32. Be4 h5 33. Rd6 Kg7 34. Nd4 Bxd4 35. Rxd4
Ra3 36. Bd5 Bc2 37. Rd2 Rc3 38. Bf3 Bg6 39. Rd5 Ra3 40. Rd2
Kf6 41. Bd5 Rc3 42. Bf3 a5 43. Rd6+ Kg7 44. Rd4 Ra3 45. Bd5
Kf6 46. Rf4+ Kg7 47. Bb3 f6 48. Rd4 Bf5 49. Kg1 Bb1 50. Rd7+
Kg6 51. Bf7+ Kh6 52. Rd6 Bxa2 53. Bxa2 Rxa2 54. Rxf6+ Kg5
55. Ra6 1/2-1/2

[Event "World Rapid Championship"]
[Site "St Petersburg RUS"]
[Date "2018.12.28"]
[EventDate "2018.12.26"]
[Round "11.12"]
[Result "0-1"]
[White "Pentala Harikrishna"]
[Black "Tigran Levonovich Petrosian"]
[WhiteElo "2725"]
[BlackElo "2598"]
[PlyCount "98"]

1. e4 d6 2. d4 Nf6 3. Nc3 c6 4. Nf3 Qa5 5. Bd2 e5 6. Nd5 Qd8
7. Nxf6+ Qxf6 8. Bg5 Qg6 9. dxe5 Qxe4+ 10. Be2 h6 11. Bh4 Bg4
12. Bg3 dxe5 13. Nxe5 Qxg2 14. Rf1 Be6 15. Bf3 Qh3 16. Qe2
Bb4+ 17. c3 Be7 18. O-O-O O-O 19. Bg4 Bxg4 20. Nxg4 Re8
21. Bf4 Na6 22. Rd3 Qh4 23. Re3 Nc5 24. Rg1 Ne6 25. Bxh6 Bg5
26. Bxg5 Qxg5 27. Qf3 Kf8 28. Qh3 Rad8 29. Re1 Kg8 30. Kb1
Qf5+ 31. Ka1 Qc2 32. Qf3 Rd2 33. Rb1 Red8 34. Nh6+ gxh6
35. Rxe6 Rd1 36. Re8+ Kg7 37. Qg4+ Qg6 38. Qxd1 Rxe8 39. Qd4+
Kh7 40. Qxa7 b5 41. a3 Re2 42. Rd1 Qf5 43. Rf1 c5 44. Qb7 b4
45. axb4 cxb4 46. Qxb4 Re6 47. b3 Qc2 48. Qc4 Re7 49. Qd4 Re2
0-1

[Event "World Rapid Championship"]
[Site "St Petersburg RUS"]
[Date "2018.12.28"]
[EventDate "2018.12.26"]
[Round "12.22"]
[Result "0-1"]
[White "Francisco Vallejo Pons"]
[Black "Pentala Harikrishna"]
[WhiteElo "2695"]
[BlackElo "2725"]
[PlyCount "78"]

1. d4 Nf6 2. c4 e6 3. Nc3 Bb4 4. Qc2 d5 5. cxd5 Qxd5 6. Nf3
Qf5 7. Qb3 Nc6 8. Bd2 O-O 9. h3 Bxc3 10. Bxc3 b6 11. g4 Qd5
12. Qc2 Bb7 13. Bg2 Qd6 14. Rd1 Nb4 15. Qb3 a5 16. Nh4 Bd5
17. Bxd5 Nfxd5 18. a3 Qc6 19. Bxb4 axb4 20. O-O bxa3 21. bxa3
Ra4 22. Rc1 Qa8 23. e3 Rxa3 24. Qc2 b5 25. Ng2 b4 26. Qc5 b3
27. e4 Nf6 28. f3 b2 29. Rb1 Rb8 30. Qxc7 h6 31. h4 Ra1 32. g5
Rxb1 33. Rxb1 Rc8 34. Qf4 Qa2 35. Rxb2 Qxb2 36. gxf6 Qxd4+
37. Kh2 Qxf6 38. Qg3 Rc2 39. Qg4 Qe5+ 0-1

[Event "World Rapid Championship"]
[Site "St Petersburg RUS"]
[Date "2018.12.28"]
[EventDate "2018.12.26"]
[Round "13.12"]
[Result "0-1"]
[White "Pentala Harikrishna"]
[Black "Pavel Ponkratov"]
[WhiteElo "2725"]
[BlackElo "2630"]
[PlyCount "80"]

1. e4 e5 2. Nf3 Nc6 3. Bb5 f5 4. d3 d6 5. exf5 a6 6. Ba4 Nf6
7. d4 e4 8. Ng5 Bxf5 9. d5 b5 10. Bb3 Na5 11. O-O Nxb3
12. axb3 h6 13. Ne6 Bxe6 14. dxe6 d5 15. c4 c6 16. cxd5 cxd5
17. Be3 Qd6 18. Nc3 Rd8 19. Ne2 Qxe6 20. Nd4 Qd7 21. Rxa6 Bd6
22. Qe2 O-O 23. Qxb5 Ng4 24. Qxd5+ Kh8 25. g3 Nxe3 26. fxe3
Rxf1+ 27. Kxf1 Qh3+ 28. Kg1 Rf8 29. Ra1 Bxg3 30. hxg3 Qxg3+
31. Kh1 Qh3+ 32. Kg1 Qxe3+ 33. Kh1 Qh3+ 34. Kg1 Qg4+ 35. Kh1
Kh7 36. Qe6 Qh4+ 37. Kg1 Rf2 38. Qe5 Rf4 39. Qxf4 Qxf4 40. Re1
e3 0-1

[Event "World Rapid Championship"]
[Site "St Petersburg RUS"]
[Date "2018.12.28"]
[EventDate "2018.12.26"]
[Round "14.21"]
[Result "0-1"]
[White "Pentala Harikrishna"]
[Black "Markus Ragger"]
[WhiteElo "2725"]
[BlackElo "2687"]
[PlyCount "174"]

1. c4 g6 2. g3 Bg7 3. Bg2 c5 4. Nc3 Nc6 5. Nf3 d6 6. O-O Bf5
7. h3 Qd7 8. Kh2 e5 9. d3 h6 10. a3 Nge7 11. Rb1 a5 12. Nd2
O-O 13. Nde4 Kh7 14. Bd2 Be6 15. Nb5 Nc8 16. Nec3 Rb8 17. Nd5
f5 18. f4 b6 19. e3 N8e7 20. Nbc7 Bg8 21. Qa4 Nxd5 22. Nxd5
Rfd8 23. b4 axb4 24. axb4 Bxd5 25. Bxd5 Nxb4 26. Qxd7 Rxd7
27. Bxb4 cxb4 28. Rxb4 Ra7 29. h4 Ra3 30. Rd1 exf4 31. gxf4
Re8 32. e4 Bd4 33. Rbb1 h5 34. Kg2 Re7 35. Rd2 Be3 36. Rdd1
Bxf4 37. Rxb6 fxe4 38. Bxe4 Ra2+ 39. Kf3 Be5 40. Rb7 Rxb7
41. Bxb7 Bf6 42. Be4 Bxh4 43. Rh1 Be7 44. Rxh5+ Kg7 45. Rb5
Kf6 46. Rb6 Rc2 47. Rc6 Rc3 48. Ke3 Ra3 49. Rb6 Kf7 50. Bd5+
Kg7 51. Ke4 Ra1 52. Kf3 Re1 53. Be4 Rc1 54. Ra6 Kf6 55. Ke3
Kf7 56. Kd4 Rg1 57. Kd5 g5 58. Ra2 Rf1 59. Kc6 Bf8 60. Rg2 Kf6
61. Kd5 Rf4 62. Rh2 g4 63. Rh8 Kg7 64. Rh1 Kf6 65. Kd4 g3
66. Ke3 Rg4 67. Kf3 Rg5 68. Kg2 Bg7 69. Bd5 Rg4 70. Re1 Kg5
71. Re6 Be5 72. c5 Rd4 73. Be4 Kf4 74. c6 Rb4 75. Re8 Rb2+
76. Kf1 Rc2 77. Rf8+ Ke3 78. Bd5 Kd4 79. Bc4 d5 80. Rd8 g2+
81. Kg1 Bf4 82. Re8 dxc4 83. Re4+ Kd5 84. Rxf4 cxd3 85. c7
Rxc7 86. Kxg2 d2 87. Rf8 Rd7 0-1

[Event "World Rapid Championship"]
[Site "St Petersburg RUS"]
[Date "2018.12.28"]
[EventDate "2018.12.26"]
[Round "15.35"]
[Result "1-0"]
[White "Semen Khanin"]
[Black "Pentala Harikrishna"]
[WhiteElo "2514"]
[BlackElo "2725"]
[PlyCount "101"]

1. e4 c5 2. Nf3 e6 3. d4 cxd4 4. Nxd4 Nc6 5. Nc3 Qc7 6. Be3 a6
7. Qf3 Nf6 8. O-O-O h5 9. Nxc6 dxc6 10. Qg3 e5 11. Be2 Ng4
12. Bxg4 Bxg4 13. f3 Be6 14. Qf2 Bb4 15. Bb6 Qe7 16. Qe3 O-O
17. a3 Bxc3 18. Qxc3 Qg5+ 19. Be3 Qf6 20. h4 Rfe8 21. Rd2 a5
22. Bb6 Ra6 23. Bc7 Bc8 24. Rhd1 c5 25. Rd8 Re6 26. Qxc5 Kh7
27. Bxe5 Qxh4 28. Rxe8 Rxe8 29. Bc3 Be6 30. Qxa5 Kg6 31. Kb1
Qg3 32. Qc5 h4 33. Be5 Ba2+ 34. Kxa2 Rxe5 35. Qc7 f6 36. Rd2
b5 37. Qc3 Kh7 38. Qe3 Rg5 39. Qd3 Qe5 40. Qd5 Qh2 41. Qd3 Qe5
42. f4 Qxf4 43. e5+ Kh6 44. e6 Re5 45. Re2 Qg4 46. Rxe5 fxe5
47. Qd5 Qg5 48. Qd6 Qg6 49. Qxe5 Qxc2 50. Qf4+ Kg6 51. Qf7+
1-0

[Event "World Blitz Championship"]
[Site "St Petersburg RUS"]
[Date "2018.12.29"]
[EventDate "?"]
[Round "1"]
[Result "0-1"]
[White "Pentala Harikrishna"]
[Black "Dmitry Bocharov"]
[WhiteElo "2702"]
[BlackElo "2517"]
[PlyCount "76"]

1. Nf3  c5  2. c4  Nc6  3. Nc3  g6  4. e3  Nf6
 5. d4  cxd4  6. exd4  d5  7. cxd5  Nxd5  8.
Bc4  Nb6  9. Bb3  Bg7  10. d5  Na5  11. O-O 
O-O  12. h3  Bf5  13. Re1  Re8  14. Nd4  Nxb3  15.
axb3  Bd7  16. Bg5  Nc8  17. Ne4  h6  18. Bh4 
g5  19. Bg3  Qb6  20. Nf3  f5  21. Ned2  f4  22.
Nc4  Qc5  23. Bh2  Nb6  24. Nce5  Bf5  25. h4 
g4  26. Nd4  g3  27. fxg3  fxg3  28. Bxg3  Bh7 
29. Nf3  Nxd5  30. Be5  Nf6
 31. Rc1  Qd5  32. Qe2  Rad8  33. Bc7  Rd7  34.
Ne6  Bh8  35. Rcd1  Qh5  36. Rxd7  Qf7  37. Ne5 
Qxe6  38. Rf1  0-1

[Event "World Blitz Championship"]
[Site "St Petersburg RUS"]
[Date "2018.12.29"]
[EventDate "?"]
[Round "2"]
[Result "1-0"]
[White "Gad Rechlis"]
[Black "Pentala Harikrishna"]
[WhiteElo "2500"]
[BlackElo "2702"]
[PlyCount "127"]

1. e4 e6 2. d4 d5 3. Nc3 Bb4 4. e5 Ne7 5. a3 Bxc3+ 6. bxc3 c5
7. a4 Nbc6 8. Nf3 Qa5 9. Bd2 Qc7 10. Bb5 Bd7 11. O-O h6
12. Bc1 O-O 13. Ba3 b6 14. Re1 Rfe8 15. dxc5 Ng6 16. cxb6 axb6
17. Bd6 Qc8 18. h4 Na5 19. h5 Ne7 20. Nd4 Nc4 21. Qg4 Nxd6
22. exd6 Nc6 23. Bxc6 Bxc6 24. Re3 Kh8 25. Nf3 d4 26. Qxd4
Bxf3 27. Rxf3 Qd7 28. Qxb6 Rec8 29. a5 Rc6 30. Rxf7 Qxd6
31. Qb7 Rg8 32. a6 Rb6 33. Qc7 Rxa6 34. Rxa6 Qxa6 35. Qe5 Qb6
36. Re7 Qb1+ 37. Kh2 Qxc2 38. Rxe6 Kh7 39. Qe4+ Qxe4 40. Rxe4
Rf8 41. f4 Ra8 42. c4 Ra2 43. c5 Rc2 44. Re5 Kg8 45. Kh3 Kf7
46. g3 Rc3 47. Kg4 Kf6 48. Rd5 Ke6 49. Rd6+ Ke7 50. Rc6 Kf7
51. Rc7+ Kf6 52. c6 Rc5 53. Rc8 Kf7 54. c7 Rc1 55. Kf5 Rc5+
56. Ke4 Rc4+ 57. Kd5 Rc1 58. g4 Rd1+ 59. Ke4 Re1+ 60. Kd3 Rc1
61. g5 Rc5 62. g6+ Ke7 63. Rg8 Kf6 64. c8=Q 1-0

[Event "World Blitz Championship"]
[Site "St Petersburg RUS"]
[Date "2018.12.29"]
[EventDate "?"]
[Round "3"]
[Result "1-0"]
[White "Pentala Harikrishna"]
[Black "Nikolai Viktorovich Vlassov"]
[WhiteElo "2702"]
[BlackElo "2438"]
[PlyCount "149"]

1. e4 Nc6 2. Nf3 d5 3. exd5 Qxd5 4. Nc3 Qa5 5. Bc4 Bg4 6. h3
Bh5 7. d3 O-O-O 8. Bd2 Nf6 9. g4 Bg6 10. Qe2 e5 11. O-O-O Bb4
12. Kb1 Rhe8 13. a3 Bxc3 14. Bxc3 Qb6 15. Rhe1 Nd5 16. Bxd5
Rxd5 17. Qe3 f6 18. Nh4 Bf7 19. Nf5 g6 20. Nh6 Be6 21. Qxb6
axb6 22. Re3 Nd4 23. Rde1 Kd7 24. h4 c5 25. g5 fxg5 26. hxg5
Kd6 27. Bxd4 cxd4 28. Rf3 Rc5 29. Rf6 Ke7 30. f4 Rec8 31. Re2
b5 32. b4 Rd5 33. fxe5 Rdd8 34. Kb2 Rc3 35. Re4 Rc6 36. Ng4
Ra6 37. Nh2 Rda8 38. Rxd4 Rxa3 39. Nf3 Ra2+ 40. Kc1 Rc8
41. Ne1 Bb3 42. Rf2 Ra1+ 43. Kd2 Ra2 44. Ke3 Bxc2 45. Rh4 Ke6
46. Rxh7 Kxe5 47. Rxc2 Rcxc2 48. Nxc2 Rxc2 49. Rxb7 Rb2
50. Rxb5+ Ke6 51. Kd4 Rg2 52. Re5+ Kd6 53. Rd5+ Ke6 54. Rc5
Rg4+ 55. Kc3 Kd6 56. d4 Rg1 57. Ra5 Rc1+ 58. Kd3 Rb1 59. Kc4
Rc1+ 60. Kb5 Kd5 61. Ra6 Kxd4 62. Rxg6 Rg1 63. Rg8 Kd5 64. g6
Ke6 65. Kb6 Kf6 66. b5 Rb1 67. Kc6 Rc1+ 68. Kb7 Rb1 69. b6 Rb2
70. Ka7 Ra2+ 71. Kb8 Rb2 72. b7 Rc2 73. Rc8 Ra2 74. Kc7 Rc2+
75. Kd6 1-0

[Event "World Blitz Championship"]
[Site "St Petersburg RUS"]
[Date "2018.12.29"]
[EventDate "?"]
[Round "4"]
[Result "0-1"]
[White "Vahe Danielyan"]
[Black "Pentala Harikrishna"]
[WhiteElo "2417"]
[BlackElo "2702"]
[PlyCount "102"]

1. e4 e5 2. Nf3 Nc6 3. Bb5 Nf6 4. d3 Bc5 5. Nc3 O-O 6. Bxc6
dxc6 7. Nxe5 Qd4 8. Be3 Qxe5 9. d4 Qe7 10. dxc5 Nxe4 11. Qd4
Nxc3 12. Qxc3 Rd8 13. O-O Be6 14. Rfe1 Rd5 15. Qb4 b5 16. a4
a5 17. Qf4 b4 18. Rac1 Rad8 19. h3 h6 20. c3 b3 21. Qg3 Rd3
22. Qe5 R8d5 23. Qe4 Qd7 24. Qh4 Kh7 25. f4 Bf5 26. Qf2 Be4
27. Bd4 f5 28. Re3 Rxe3 29. Qxe3 Qf7 30. Qg3 Rd7 31. Re1 Re7
32. Qf2 Re6 33. Re3 g5 34. Rg3 Rg6 35. Be5 Qd5 36. Qd4 Qxd4+
37. cxd4 Kg8 38. fxg5 hxg5 39. Rxb3 f4 40. Bxc7 g4 41. hxg4
Rxg4 42. g3 f3 43. Kf2 Bd5 44. Rb8+ Kf7 45. Be5 Re4 46. Rb7+
Ke6 47. g4 Re2+ 48. Kf1 Bc4 49. b3 Bd3 50. Rb8 Ra2+ 51. Kg1
f2+ 0-1

[Event "World Blitz Championship"]
[Site "St Petersburg RUS"]
[Date "2018.12.29"]
[EventDate "?"]
[Round "5"]
[Result "1-0"]
[White "Pentala Harikrishna"]
[Black "Kamil Miton"]
[WhiteElo "2702"]
[BlackElo "2520"]
[PlyCount "69"]

1. e4 c5 2. Nf3 d6 3. d4 cxd4 4. Qxd4 Nc6 5. Qe3 e6 6. Be2 Nf6
7. O-O Be7 8. c4 O-O 9. Nc3 b6 10. Rd1 Bb7 11. h3 Qc7 12. b3
a6 13. Bb2 Nd7 14. Rac1 Nc5 15. Nd5 exd5 16. cxd5 Nb8 17. b4
Nbd7 18. bxc5 bxc5 19. e5 Nxe5 20. Nxe5 dxe5 21. Bxe5 Bd6
22. Bxd6 Qxd6 23. Qxc5 Rad8 24. Bf3 Qf6 25. Rb1 Ba8 26. Rb6
Qf4 27. Rxa6 Rc8 28. Qe3 Qb4 29. d6 Bxf3 30. Qxf3 Qc4 31. Ra7
Rfd8 32. Re7 h6 33. d7 Rb8 34. Rde1 Qc2 35. Qxf7+ 1-0

[Event "World Blitz Championship"]
[Site "St Petersburg RUS"]
[Date "2018.12.29"]
[EventDate "?"]
[Round "6"]
[Result "1/2-1/2"]
[White "Valerij Sergeyevich Popov"]
[Black "Pentala Harikrishna"]
[WhiteElo "2574"]
[BlackElo "2702"]
[PlyCount "101"]

1. c4 e5 2. g3 Nf6 3. Bg2 d5 4. cxd5 Nxd5 5. Nc3 Nb6 6. Nf3
Nc6 7. O-O Be7 8. a3 O-O 9. b4 Be6 10. Rb1 f6 11. d3 Nd4
12. Nd2 c6 13. Nde4 Qc7 14. a4 Nd5 15. b5 Nxc3 16. Nxc3 Rad8
17. bxc6 Nxc6 18. Nb5 Qd7 19. Be3 b6 20. Bxc6 Qxc6 21. Nxa7
Qa8 22. Rxb6 Bh3 23. Nc6 Kh8 24. f3 Bxf1 25. Qxf1 Rd7 26. Nxe7
Rxe7 27. Bc5 Qa5 28. Qf2 Ree8 29. Bxf8 Rxf8 30. Rb7 Qxa4
31. Qc5 Rg8 32. Qc1 h6 33. Qb1 Qd4+ 34. Kg2 Qd8 35. Qb3 Qa8
36. h4 Qc8 37. g4 h5 38. gxh5 Qe8 39. Qf7 Qxf7 40. Rxf7 Kh7
41. Re7 Kh6 42. f4 exf4 43. Kf3 Kxh5 44. Kxf4 Kxh4 45. Kf5 g5
46. Rh7+ Kg3 47. Kxf6 g4 48. d4 Kf4 49. d5 g3 50. Rh1 Ke3
51. d6 1/2-1/2

[Event "World Blitz Championship"]
[Site "St Petersburg RUS"]
[Date "2018.12.29"]
[EventDate "?"]
[Round "7"]
[Result "1-0"]
[White "Pentala Harikrishna"]
[Black "Evgeny Tomashevsky"]
[WhiteElo "2702"]
[BlackElo "2602"]
[PlyCount "81"]

1. e4 c6 2. d4 d5 3. e5 Bf5 4. Nf3 e6 5. Be2 Ne7 6. O-O Bg6
7. Nbd2 Nf5 8. a4 Nd7 9. a5 h5 10. c3 Be7 11. Ne1 c5 12. Ndf3
a6 13. Nd3 h4 14. b4 cxd4 15. cxd4 Nb8 16. Nf4 Bh7 17. b5 O-O
18. b6 Nc6 19. Ba3 Rc8 20. Bd3 Kh8 21. Ne2 Bxa3 22. Rxa3 Qe7
23. Ra4 f6 24. Qb1 g5 25. h3 Rg8 26. exf6 Qxf6 27. Nh2 Rcf8
28. Ng4 Qg7 29. Rc1 Nd6 30. Bxh7 Qxh7 31. Qxh7+ Kxh7 32. Rxc6
bxc6 33. Ne5 Rg7 34. Nc1 Ne4 35. Ncd3 Rc8 36. f3 Nc3 37. Rb4
Ne2+ 38. Kf2 Nf4 39. Nc5 Ng6 40. b7 Rb8 41. Nxc6 1-0

[Event "World Blitz Championship"]
[Site "St Petersburg RUS"]
[Date "2018.12.29"]
[EventDate "?"]
[Round "8"]
[Result "1/2-1/2"]
[White "Ilya Yulyevich Smirin"]
[Black "Pentala Harikrishna"]
[WhiteElo "2582"]
[BlackElo "2702"]
[PlyCount "39"]

1. e4 e5 2. Nf3 Nc6 3. Bb5 Nf6 4. O-O Nxe4 5. Re1 Nd6 6. Nxe5
Be7 7. Bf1 Nxe5 8. Rxe5 O-O 9. Nc3 Ne8 10. d4 Bf6 11. Re1 d5
12. Ne2 Bf5 13. c3 c6 14. Ng3 Bg6 15. Bd3 Nd6 16. Bf4 Qd7
17. Bxg6 hxg6 18. Bxd6 Qxd6 19. Qd3 Rfe8 20. Nf1 1/2-1/2

[Event "World Blitz Championship"]
[Site "St Petersburg RUS"]
[Date "2018.12.29"]
[EventDate "?"]
[Round "9"]
[Result "1/2-1/2"]
[White "Pentala Harikrishna"]
[Black "Ehsan Ghaem Maghami"]
[WhiteElo "2702"]
[BlackElo "2582"]
[PlyCount "36"]

1. e4 c6 2. d4 d5 3. e5 c5 4. Nf3 Nc6 5. c4 e6 6. cxd5 exd5
7. Nc3 cxd4 8. Nxd4 Bc5 9. Be3 Bxd4 10. Bxd4 Nge7 11. Bb5 O-O
12. O-O Nxd4 13. Qxd4 Be6 14. Bd3 Nc6 15. Qf4 h6 16. Rad1 Qg5
17. Qxg5 hxg5 18. Bb5 Nxe5 1/2-1/2